| 000 | 00789nam a2200253Ia 4500 | ||
|---|---|---|---|
| 003 | OSt | ||
| 005 | 20220926012137.0 | ||
| 006 | a|||||r|||| 00| 0 | ||
| 007 | ta | ||
| 008 | 220923b |||||||| |||| 00| 0 eng d | ||
| 020 |
_a0631157433 _ceuro 2500 |
||
| 037 |
_b325, 22/09/1987, SBD _cGeneral Book |
||
| 040 |
_aRTL _cRTL _beng |
||
| 041 |
_2eng _aeng |
||
| 082 | _aX9b4, M7 | ||
| 100 |
_aBresnahan Timothy F _9315602 |
||
| 245 | 0 | _aEmpirical renoissance in industrial economies | |
| 260 |
_aNew York _bBasil Blackwell USA _c1987 |
||
| 300 |
_avi,261p _ccm. |
||
| 650 | _aIndustry Economics | ||
| 700 |
_a Schmalensee Richard _9234798 |
||
| 942 |
_hX9b4, M7 _cGB _2CC |
||
| 999 |
_c621861 _d621861 |
||